[Event "Tournoi Skype 029A"]
[Site "Skype"]
[Date "????.??.??"]
[Round "2.20"]
[White "Vasquez Cienfuegos, Oscar"]
[Black "Legueltel, Daniel"]
[Result "1-0"]
[WhiteElo "1470"]
[BlackElo "1753"]
[PlyCount "81"]

1. Nf3 d5 2. e3 Nf6 3. c4 e6 4. Nc3 Be7 5. Be2 b6 6. O-O O-O 7. d4 Bb7 8. a3
Nbd7 9. cxd5 Nxd5 10. Qc2 Nxc3 11. bxc3 Nf6 12. Rd1 Be4 13. Qd2 c5 14. Bb2 Rc8
15. Rac1 Rc7 16. Ne5 Qc8 17. f3 Bb7 18. Qe1 Ba6 19. Bxa6 Qxa6 20. Ra1 c4 21. a4
Qb7 22. Rdc1 Nd5 23. Ng4 Rd8 24. h4 a6 25. h5 Nf6 26. Nxf6+ Bxf6 27. e4 Bg5 28.
Rcb1 f5 29. a5 b5 30. Ba3 Be7 31. exf5 Bxa3 32. Qxe6+ Kf8 33. Rxa3 Re7 34. Qb6
Qxb6 35. axb6 Re3 36. Kf2 Rd3 37. Re1 Rd6 38. Rxa6 Rxc3 39. Ra8+ Kf7 40. b7 b4
41. b8=Q 1-0

[Event "Tournoi Skype 029A"]
[Site "Skype"]
[Date "????.??.??"]
[Round "2.21"]
[White "Garcia Andrinal, Antonio"]
[Black "Marino, Giuseppe"]
[Result "1-0"]
[WhiteElo "1679"]
[BlackElo "1339"]
[PlyCount "39"]

1. e4 b6 2. d4 d6 3. Nf3 Bb7 4. Bd3 e6 5. Qe2 g6 6. e5 Bg7 7. Nc3 Ne7 8. Ne4 d5
9. Nf6+ Bxf6 10. exf6 Ng8 11. h4 Qxf6 12. h5 Qd8 13. hxg6 fxg6 14. Bxg6+ Kd7
15. Ne5+ Kc8 16. Nf7 Qf8 17. Nxh8 hxg6 18. Qxe6+ Nd7 19. Nxg6 Qg7 20. Qe8# 1-0

[Event "Tournoi Skype 029A"]
[Site "Skype"]
[Date "????.??.??"]
[Round "2.22"]
[White "Zenini, Simone"]
[Black "Lucena Vaz, Jose"]
[Result "0-1"]
[WhiteElo "1436"]
[BlackElo "1674"]
[PlyCount "112"]

1. e4 c5 2. Nf3 e6 3. d4 cxd4 4. Nxd4 Nf6 5. Nc3 a6 6. a4 Bb4 7. e5 Ne4 8. Qf3
Nxc3 9. bxc3 Be7 10. Bd3 Qc7 11. O-O Qxc3 12. Be3 Qc7 13. Qg3 g6 14. Bh6 Bf8
15. Bxf8 Rxf8 16. Nf3 Nc6 17. Rfe1 Nb4 18. Rec1 b6 19. Ng5 f6 20. Nxh7 Qxe5 21.
Qxe5 fxe5 22. Bxg6+ Ke7 23. Nxf8 Kxf8 24. Rab1 Nd5 25. Rd1 Bb7 26. Rxd5 Bxd5
27. Rxb6 Ke7 28. Bd3 Bc6 29. a5 Kd6 30. Rxa6 Rb8 31. h4 Rg8 32. g3 Rb8 33. Be4
Rc8 34. Rb6 Kc5 35. Bxc6 dxc6 36. Rb1 Ra8 37. Ra1 Kb5 38. Kf1 Ka6 39. Re1 Kb5
40. Rxe5+ Kc4 41. Rxe6 Kd5 42. Re3 Rxa5 43. Kg2 Ra2 44. c3 Ra8 45. g4 Rg8 46.
Kg3 c5 47. f4 Ra8 48. g5 Ra1 49. Kg4 Rg1+ 50. Rg3 Rf1 51. Re3 Rg1+ 52. Rg3 Rf1
53. f5 Ke4 54. f6 Rf4+ 55. Kh5 Rf5 56. Re3+ Kxe3 0-1

[Event "Tournoi Skype 029A"]
[Site "Skype"]
[Date "????.??.??"]
[Round "2.23"]
[White "Carballo, Jorge"]
[Black "Mesa Garcia, Angel"]
[Result "0-1"]
[WhiteElo "1367"]
[BlackElo "1638"]
[PlyCount "54"]

1. d4 Nf6 2. Bf4 e6 3. Nf3 c5 4. c3 cxd4 5. cxd4 b6 6. e3 Bb7 7. Nbd2 Nc6 8.
Bd3 Nb4 9. Bb5 Rc8 10. Ba4 Nd3+ 11. Kf1 Nxf4 12. exf4 Be7 13. Rc1 O-O 14. Rxc8
Qxc8 15. g3 Qc7 16. Kg2 Rc8 17. Bb3 b5 18. Re1 Bb4 19. Re2 Qc6 20. a3 Ba5 21.
Ba2 Qc2 22. Qe1 Qxb2 23. Nb3 Qxa2 24. Nxa5 Bxf3+ 25. Kxf3 Qd5+ 26. Ke3 Qe4+ 27.
Kd2 Qxd4# 0-1

[Event "Tournoi Skype 029A"]
[Site "Skype"]
[Date "????.??.??"]
[Round "2.25"]
[White "Alvarez, Juan Evangelista"]
[Black "Quispe, Alberto"]
[Result "1/2-1/2"]
[WhiteElo "1575"]
[BlackElo "1230"]
[PlyCount "25"]

1. d4 d5 2. c4 c6 3. cxd5 cxd5 4. Nf3 Nc6 5. g3 Nf6 6. Bg2 e6 7. Bg5 Be7 8. O-O
h6 9. Bxf6 Bxf6 10. e3 O-O 11. Nbd2 Re8 12. Ne5 Nxe5 13. dxe5 1/2-1/2

[Event "Tournoi Skype 029A"]
[Site "Skype"]
[Date "????.??.??"]
[Round "2.26"]
[White "Altinok, Selim"]
[Black "Yardimci, Ertan"]
[Result "1/2-1/2"]
[WhiteElo "1536"]
[BlackElo "1208"]
[PlyCount "21"]

1. d4 c6 2. e4 d5 3. Nc3 dxe4 4. Nxe4 Bf5 5. Ng3 Bg6 6. h4 h6 7. Nf3 Nd7 8. h5
Bh7 9. Bd3 Bxd3 10. Qxd3 e6 11. O-O 1/2-1/2

[Event "Tournoi Skype 029A"]
[Site "Skype"]
[Date "????.??.??"]
[Round "2.27"]
[White "Alarcon Alarcon, Florentina"]
[Black "Sanchez Ruiz, Justo"]
[Result "1/2-1/2"]
[WhiteElo "1362"]
[BlackElo "1526"]
[PlyCount "66"]

1. e4 e6 2. d4 d5 3. e5 c5 4. Nf3 Nc6 5. c3 Nge7 6. dxc5 Ng6 7. Bb5 Bxc5 8. O-O
Bd7 9. Bxc6 Bxc6 10. b4 Be7 11. Be3 O-O 12. a4 a6 13. Nbd2 f6 14. Bd4 f5 15.
Nb3 b6 16. a5 b5 17. Bb6 Qb8 18. Qd4 Re8 19. Bc5 Bxc5 20. Nxc5 Ra7 21. h4 h6
22. h5 Nf8 23. Rfe1 Nd7 24. Nd3 Rc7 25. Nf4 Nf8 26. Re3 Bb7 27. Qd1 Qc8 28. Rc1
Rc4 29. Nd4 Re7 30. Nfe2 Rec7 31. Rd3 Qe8 32. Nf4 Qc8 33. Nfe2 Qe8 1/2-1/2

[Event "Tournoi Skype 029A"]
[Site "Skype"]
[Date "????.??.??"]
[Round "2.28"]
[White "Trivedi, Viral"]
[Black "Karia, Vijay"]
[Result "1-0"]
[WhiteElo "1230"]
[BlackElo "1482"]
[PlyCount "67"]

1. d4 d5 2. Bf4 Nf6 3. e3 Bf5 4. Nd2 e6 5. c4 c6 6. Qb3 Qb6 7. c5 Qxb3 8. Nxb3
Be7 9. Na5 b6 10. Bxb8 bxa5 11. Bc7 a4 12. Nf3 Ne4 13. Ba6 O-O 14. Bb7 Rae8 15.
Bxc6 Rc8 16. Bd6 Bxd6 17. cxd6 Rxc6 18. O-O Nxd6 19. Ne5 Rc2 20. b3 axb3 21.
axb3 Ra8 22. Ra6 Ne4 23. b4 Nf6 24. h3 h6 25. Rfa1 Rb2 26. Rxa7 Rxa7 27. Rxa7
Rxb4 28. Ra8+ Kh7 29. Nxf7 Rb1+ 30. Kh2 h5 31. Rh8+ Kg6 32. Ne5+ Kg5 33. f4+
Kh4 34. g3# 1-0

[Event "Tournoi Skype 029A"]
[Site "Skype"]
[Date "????.??.??"]
[Round "2.29"]
[White "Davis, Michael"]
[Black "Silvestre Da Silva, Sidnei"]
[Result "1/2-1/2"]
[WhiteElo "1405"]
[BlackElo "1566"]
[PlyCount "40"]

1. e4 e5 2. Nf3 d6 3. Nc3 Nf6 4. Bc4 Be7 5. d3 O-O 6. O-O Bg4 7. Be3 Nbd7 8. h3
Bh5 9. g4 Bg6 10. Nh4 a6 11. Nf5 Bxf5 12. exf5 b5 13. Bd5 Nxd5 14. Nxd5 Bg5 15.
Nxc7 Rc8 16. Nd5 Bxe3 17. fxe3 Nf6 18. Nxf6+ Qxf6 19. Qe2 d5 20. d4 exd4
1/2-1/2

[Event "Tournoi Skype 029A"]
[Site "Skype"]
[Date "????.??.??"]
[Round "2.31"]
[White "Couto, Januario"]
[Black "Castillo, Jesus"]
[Result "0-1"]
[WhiteElo "1387"]
[BlackElo "1557"]
[PlyCount "64"]

1. e4 e5 2. Nf3 Nc6 3. Bb5 a6 4. Ba4 Nf6 5. O-O d6 6. c3 Be7 7. d3 O-O 8. h3 b5
9. Bc2 Bb7 10. Re1 h6 11. d4 Na5 12. Nbd2 Nd7 13. Nf1 Nc4 14. b3 Ncb6 15. Ng3
Re8 16. Nf5 Bf6 17. dxe5 dxe5 18. Nh2 Nc8 19. Ng4 Nd6 20. Nxd6 cxd6 21. Qxd6
Be7 22. Qd1 Qc7 23. Qf3 a5 24. Qg3 a4 25. Nxh6+ Kf8 26. Nf5 Bf6 27. Bb2 Nc5 28.
b4 Ne6 29. Rad1 Rad8 30. Ne3 Nf4 31. Ng4 Rxd1 32. Rxd1 Ne2+ 0-1

[Event "Tournoi Skype 029A"]
[Site "Skype"]
[Date "????.??.??"]
[Round "2.32"]
[White "Ramirez Reina, Orlando"]
[Black "Casey, Eamonn"]
[Result "*"]
[WhiteElo "1385"]
[BlackElo "1538"]
[PlyCount "66"]

1. d4 Nf6 2. Bf4 d5 3. e3 e6 4. Nd2 Nbd7 5. c3 Be7 6. Qc2 c5 7. dxc5 Nxc5 8.
Bb5+ Bd7 9. Bxd7+ Qxd7 10. Ngf3 Nce4 11. Ne5 Qd8 12. f3 Nxd2 13. Qxd2 O-O 14.
O-O-O Rc8 15. Kb1 Nh5 16. Bg3 Nxg3 17. hxg3 Bd6 18. f4 Bxe5 19. fxe5 Rc4 20.
Qc2 g6 21. Rd4 Qg5 22. Qf2 Qxe5 23. Qf4 Qxf4 24. gxf4 Rd8 25. Rhd1 Rdc8 26.
Rxc4 Rxc4 27. Rd4 Kg7 28. Kc2 Kf6 29. Kd3 b5 30. b3 Rc6 31. g4 a6 32. e4 dxe4+
33. Rxe4 g5 *

[Event "Tournoi Skype 029A"]
[Site "Skype"]
[Date "????.??.??"]
[Round "2.34"]
[White "Vilas Boas, Crisolon Terto"]
[Black "Gokcek, Cagri"]
[Result "0-1"]
[WhiteElo "1488"]
[BlackElo "1363"]
[PlyCount "101"]

1. e4 e5 2. Nf3 Nc6 3. Be2 Nf6 4. d3 d5 5. exd5 Nxd5 6. O-O Be7 7. Nc3 O-O 8.
Ne4 h6 9. c3 f5 10. Ng3 Nf6 11. Re1 Bd6 12. b4 Ne7 13. a4 Ng6 14. Bd2 e4 15.
dxe4 Bxg3 16. fxg3 fxe4 17. Nd4 Qe7 18. Be3 Qe5 19. b5 Nd5 20. Bc4 Kh7 21. Bxd5
Qxd5 22. Nb3 Qc4 23. Qc2 Bf5 24. Nd2 Qd3 25. Qxd3 exd3 26. h3 Rad8 27. c4 b6
28. c5 Ne7 29. Bxh6 Kxh6 30. Rxe7 Rfe8 31. Rxc7 Re2 32. Rd1 Rde8 33. Kf1 Rf8
34. Kg1 Bg6 35. cxb6 axb6 36. Rc6 Rff2 37. Nf1 Rxg2+ 38. Kh1 d2 39. Rd6 Kh7 40.
R6xd2 Be4 41. Rxe2 Rxe2+ 42. Kg1 Rg2+ 43. Kh1 Rd2+ 44. Kg1 Rxd1 45. Kf2 Ra1 46.
Ke3 Rxa4 47. Nd2 Bg2 48. h4 Bh3 49. Kd3 Bd7 50. Kc3 Bxb5 51. Nb3 0-1

[Event "Tournoi Skype 029A"]
[Site "Skype"]
[Date "????.??.??"]
[Round "2.35"]
[White "Hurtado De Mendoza, Ramon Miguel"]
[Black "Pasasin, Alejandro"]
[Result "0-1"]
[WhiteElo "1487"]
[BlackElo "1347"]
[PlyCount "106"]

1. e4 c5 2. Nf3 d6 3. d4 cxd4 4. Nxd4 Nf6 5. Nc3 a6 6. Bc4 b5 7. Bb3 e6 8. Be3
Be7 9. f3 Qc7 10. Qd2 Nc6 11. g4 Na5 12. h4 Nc4 13. Bxc4 Qxc4 14. b3 Qc7 15.
Nce2 Bb7 16. Rc1 d5 17. e5 Nd7 18. f4 Nc5 19. g5 Ne4 20. Qd3 Rc8 21. c3 b4 22.
c4 Nc5 23. Qd2 dxc4 24. Rg1 Nd3+ 25. Qxd3 cxd3 26. Rxc7 Rxc7 27. Ng3 Kd7 28.
Kd2 Bd5 29. Kxd3 Rc3+ 30. Kd2 Rhc8 31. Nge2 R3c7 32. Rc1 Rxc1 33. Nxc1 Be4 34.
Nce2 Bb1 35. Nc1 Rc3 36. Nde2 Rc2+ 37. Kd1 a5 38. Bd2 Bc5 39. Ng3 Bd4 40. Nge2
Bc3 41. Be3 Bb2 42. Bb6 Bxc1 43. Nxc1 Rh2 44. Bxa5 Rxh4 45. Ne2 Bxa2 46. Bxb4
Bxb3+ 47. Kd2 Bc4 48. Ke3 Bxe2 49. Kxe2 Rxf4 50. Bd2 Re4+ 51. Kf3 Rxe5 52. g6
hxg6 53. Bc3 Rf5+ 0-1

[Event "Tournoi Skype 029A"]
[Site "Skype"]
[Date "????.??.??"]
[Round "2.36"]
[White "Mitrani, Alberto"]
[Black "Le Brun, Yves"]
[Result "0-1"]
[WhiteElo "1482"]
[BlackElo "1335"]
[PlyCount "50"]

1. Nf3 Nf6 2. c4 e6 3. g3 b6 4. Bg2 Bb7 5. O-O Nc6 6. Nc3 a6 7. d3 Rb8 8. a3
Be7 9. Rb1 O-O 10. b4 Qc8 11. b5 axb5 12. Nxb5 d6 13. e4 e5 14. Bg5 h6 15. Bxf6
Bxf6 16. Nc3 Nd4 17. Ne1 Ra8 18. a4 Bc6 19. Nc2 Qd7 20. Nb4 Bxa4 21. Nxa4 Qxa4
22. Qg4 Qe8 23. Nd5 Bg5 24. Nxc7 Qc8 25. Nxa8 Qxg4 0-1

[Event "Tournoi Skype 029A"]
[Site "Skype"]
[Date "????.??.??"]
[Round "2.37"]
[White "Pouteau, Pascal"]
[Black "Galani, Mahendra"]
[Result "1-0"]
[WhiteElo "1345"]
[BlackElo "1466"]
[PlyCount "99"]

1. d4 d5 2. Nf3 Nf6 3. c3 Ne4 4. Bf4 c6 5. e3 Qb6 6. Qb3 Qa5 7. Nbd2 Nd6 8.
Bxd6 exd6 9. Bd3 Qc7 10. Qc2 g6 11. O-O Bg7 12. Rac1 Na6 13. a3 O-O 14. c4 Be6
15. Ng5 dxc4 16. Nxe6 fxe6 17. Nxc4 d5 18. Nd2 Nb8 19. b4 Qd6 20. Nf3 Nd7 21.
Ng5 Rf6 22. h4 Bh6 23. e4 dxe4 24. Nxe4 Qxd4 25. Nxf6+ Qxf6 26. Rcd1 Ne5 27.
Be2 Qxh4 28. g3 Qg5 29. Kg2 Qe7 30. Rh1 Bg7 31. Qe4 Bf6 32. f4 Nf7 33. Bd3 Nd6
34. Qf3 Nf5 35. Bxf5 gxf5 36. Rh3 Rf8 37. Rdh1 Rf7 38. Qd3 Qe8 39. g4 Rg7 40.
g5 Be7 41. Qg3 Bd6 42. Rh6 b6 43. Qh4 Qf7 44. g6 Rxg6+ 45. Rxg6+ Qxg6+ 46. Kf1
e5 47. Rg1 Qxg1+ 48. Kxg1 exf4 49. Qd8+ Bf8 50. Qg5+ 1-0

[Event "Tournoi Skype 029A"]
[Site "Skype"]
[Date "????.??.??"]
[Round "2.38"]
[White "Engstrom, Olle"]
[Black "Sauvaget, Joel"]
[Result "1-0"]
[WhiteElo "1448"]
[BlackElo "1290"]
[PlyCount "45"]

1. e4 c5 2. Nf3 d6 3. d4 cxd4 4. Nxd4 Nf6 5. Nc3 a6 6. Bc4 g6 7. Bb3 Bg7 8. f3
O-O 9. Be3 Bd7 10. Qd2 Nc6 11. O-O-O Nxd4 12. Bxd4 Bc6 13. Be3 Qc7 14. g4 a5
15. a3 a4 16. Ba2 b5 17. Bh6 Qb7 18. Bxg7 Kxg7 19. h4 b4 20. axb4 Qxb4 21. Nd5
Nxd5 22. Bxd5 Bxd5 23. Qxb4 1-0

[Event "Tournoi Skype 029A"]
[Site "Skype"]
[Date "????.??.??"]
[Round "2.39"]
[White "Frances, Carlos Alberto"]
[Black "Bagayatkar, Madan"]
[Result "0-1"]
[WhiteElo "1324"]
[BlackElo "1443"]
[PlyCount "82"]

1. d4 d5 2. Nf3 Nf6 3. b3 Bf5 4. Bb2 e6 5. a3 Nbd7 6. e3 c5 7. dxc5 Bxc5 8.
Nbd2 Rc8 9. Rc1 O-O 10. Be2 Bb6 11. O-O Nc5 12. Bxf6 Qxf6 13. Ne1 Ne4 14. Nxe4
Bxe4 15. Bd3 Qg6 16. Bxe4 Qxe4 17. Qd3 f5 18. Qxe4 fxe4 19. g3 Rf6 20. Ng2 e5
21. c3 Ba5 22. c4 d4 23. exd4 exd4 24. b4 Bc7 25. Rfd1 d3 26. Ne3 Ra6 27. Ra1
Be5 28. Ra2 Bd4 29. c5 Bxe3 30. fxe3 Kf7 31. Rf1+ Rf6 32. a4 Ke6 33. Raa1 b6
34. Rac1 bxc5 35. bxc5 Kd5 36. c6 Rcxc6 37. Rxc6 Kxc6 38. Rf2 Kc5 39. Kf1 Kc4
40. Rxf6 gxf6 41. Ke1 Kb4 0-1

[Event "Tournoi Skype 029A"]
[Site "Skype"]
[Date "????.??.??"]
[Round "2.40"]
[White "Ortiz, Vladimir"]
[Black "Yeter, Orhan"]
[Result "0-1"]
[WhiteElo "1443"]
[BlackElo "1245"]
[PlyCount "174"]

1. e4 e5 2. Nf3 Nc6 3. Bb5 Nf6 4. O-O Nxe4 5. Bxc6 dxc6 6. Re1 Nd6 7. Nxe5 Be7
8. Qe2 Be6 9. d4 O-O 10. Be3 Re8 11. Ng4 Nf5 12. c3 Bd5 13. Qd3 Qd7 14. Ne5 Qe6
15. a3 Nh4 16. g3 Qh3 17. Qf1 Bg2 18. Qe2 Bd5 19. Qf1 Ng2 20. Nd2 Qf5 21. Re2
Bf6 22. f4 Bxe5 23. fxe5 Nxe3 24. Rxe3 Qc2 25. Qc1 Qxc1+ 26. Rxc1 Rad8 27. Nf1
c5 28. dxc5 Bc4 29. Re4 Bxf1 30. Rxf1 Rd5 31. Rfe1 Rxc5 32. Kf2 Rd8 33. Ke3 Rb5
34. b4 Rbd5 35. Kf3 Rd3+ 36. R1e3 Rd1 37. Re1 Rxe1 38. Rxe1 Rd3+ 39. Re3 Rd1
40. Ke4 Ra1 41. Rd3 Kf8 42. c4 Ra2 43. h4 Ke7 44. b5 Ke6 45. Re3 Rc2 46. Kd4
Rd2+ 47. Ke4 c5 48. Kf4 Rc2 49. Re4 Rc3 50. a4 Ra3 51. g4 Rxa4 52. g5 Ra1 53.
h5 Rf1+ 54. Kg4 Rf5 55. g6 hxg6 56. hxg6 fxg6 57. Re1 Rxe5 58. Ra1 Re4+ 59. Kg5
Rxc4 60. Rxa7 Rb4 61. Rxb7 c4 62. Rc7 Rxb5+ 63. Kxg6 Kd5 64. Kxg7 Rc5 65. Rd7+
Kc6 66. Rd1 c3 67. Kf6 c2 68. Rc1 Kd5 69. Kf5 Kd4+ 70. Kf4 Kd3 71. Kf3 Kd2 72.
Rxc2+ Kxc2 73. Ke4 Kc3 74. Ke3 Rc4 75. Ke2 Rd4 76. Ke3 Kc4 77. Ke2 Rd3 78. Kf2
Kd4 79. Ke2 Ke4 80. Kf2 Re3 81. Kf1 Kf3 82. Kg1 Re2 83. Kf1 Ke3 84. Kg1 Rf2 85.
Kh1 Kf3 86. Kg1 Kg3 87. Kh1 Rf1# 0-1

[Event "Tournoi Skype 029A"]
[Site "Skype"]
[Date "????.??.??"]
[Round "2.41"]
[White "Perez, Luis Horacio"]
[Black "Vaswani, Manohar"]
[Result "1/2-1/2"]
[WhiteElo "1438"]
[BlackElo "1196"]
[PlyCount "110"]

1. e4 e5 2. Nf3 Nc6 3. Bc4 Bc5 4. c3 Nf6 5. d4 exd4 6. cxd4 Bb4+ 7. Bd2 Bxd2+
8. Nbxd2 d6 9. d5 Ne7 10. Bb5+ c6 11. dxc6 bxc6 12. Bxc6+ Nxc6 13. O-O O-O 14.
a3 Bg4 15. Rc1 Ne5 16. Rc3 d5 17. Qc2 dxe4 18. Nxe5 Bf5 19. Rd1 Qd4 20. Nc6 Qd7
21. Nf1 Qe6 22. Nd4 Qe5 23. Nxf5 Qxf5 24. Ng3 Qg4 25. Re3 Rac8 26. Qe2 Qxe2 27.
Rxe2 Rfe8 28. h3 Rc4 29. Nf5 g6 30. Nd6 Rd8 31. Nxc4 Rxd1+ 32. Kh2 Rd4 33. Ne3
Nh5 34. g3 f5 35. h4 Kf7 36. Nc2 Rd3 37. Nb4 Rd7 38. Nc6 Ke6 39. b4 Kd5 40. Na5
Rc7 41. Kh3 Nf6 42. Kg2 Kd4 43. Rb2 Kc3 44. Rb3+ Kd2 45. b5 Rc3 46. Rxc3 Kxc3
47. Nc6 Kc4 48. Nxa7 Kc5 49. a4 Kb6 50. Nc6 Nd7 51. Kf1 Nc5 52. Ke2 Nxa4 53.
Nd4 Nc3+ 54. Ke3 Nxb5 55. Nxb5 Kxb5 1/2-1/2

[Event "Tournoi Skype 029A"]
[Site "Skype"]
[Date "????.??.??"]
[Round "2.42"]
[White "Kruk, Clementine"]
[Black "Sequeda Pimiento, Javier Ricardo"]
[Result "1-0"]
[WhiteElo "1293"]
[BlackElo "1419"]
[PlyCount "55"]

1. e4 e5 2. Nf3 Nc6 3. Bc4 Be7 4. c3 Nf6 5. d4 exd4 6. cxd4 Nxe4 7. Qe2 d5 8.
Bb5 O-O 9. Nc3 Bb4 10. Qd3 Nxc3 11. bxc3 Re8+ 12. Be3 Ba5 13. O-O Bg4 14. Bf4
a6 15. Ba4 g6 16. Ne5 Bf5 17. Qg3 Re6 18. Rfe1 b5 19. Bb3 f6 20. Ng4 Bxg4 21.
Qxg4 Rxe1+ 22. Rxe1 Bxc3 23. Rc1 b4 24. Qe6+ Kg7 25. Qxc6 Rc8 26. Bxd5 Qe7 27.
Be6 Rd8 28. d5 1-0

[Event "Tournoi Skype 029A"]
[Site "Skype"]
[Date "????.??.??"]
[Round "2.43"]
[White "Gadow, Martin"]
[Black "Khunte, Aniruddha"]
[Result "0-1"]
[WhiteElo "1412"]
[BlackElo "1174"]
[PlyCount "70"]

1. d4 Nf6 2. Nf3 g6 3. Bf4 Bg7 4. e3 d6 5. Be2 Nc6 6. O-O O-O 7. c3 Re8 8. Nbd2
e5 9. dxe5 dxe5 10. Bg5 e4 11. Nd4 Qd5 12. Bf4 Ne5 13. c4 Qd8 14. Bxe5 Rxe5 15.
Rc1 c5 16. N4b3 b6 17. f4 exf3 18. Bxf3 Rb8 19. Rc3 Bb7 20. Bxb7 Rxb7 21. Qf3
Rbe7 22. Nc1 Qxd2 23. Rd1 Qxb2 24. Rd8+ Re8 25. Rxe8+ Rxe8 26. Ne2 Qa1+ 27. Rc1
Qxa2 28. Rf1 Qxc4 29. Ng3 Qd3 30. Re1 Qd2 31. Re2 Qd3 32. Nf1 c4 33. Rd2 Qe4
34. Qd1 Ng4 35. Rd4 Bxd4 0-1

[Event "Tournoi Skype 029A"]
[Site "Skype"]
[Date "????.??.??"]
[Round "2.44"]
[White "Vello, Pablo"]
[Black "Junqueira, Leonardo De Faria"]
[Result "0-1"]
[WhiteElo "1135"]
[BlackElo "1408"]
[PlyCount "92"]

1. d4 e5 2. dxe5 d6 3. Nf3 Nc6 4. e3 dxe5 5. Qxd8+ Kxd8 6. Bc4 f6 7. Nc3 Bb4 8.
O-O Bxc3 9. bxc3 Bf5 10. Rd1+ Ke8 11. Rd2 Nge7 12. Ba3 Rd8 13. Rad1 Rxd2 14.
Rxd2 Na5 15. Bb3 Nxb3 16. cxb3 Nc6 17. Ne1 a6 18. Nd3 Bxd3 19. Rxd3 e4 20. Rd1
f5 21. Kf1 g6 22. Ke2 Rg8 23. g3 h5 24. c4 Rg7 25. Bb2 Rd7 26. Rxd7 Kxd7 27.
Kd2 Ke6 28. h4 b5 29. cxb5 axb5 30. a3 Kd5 31. Kc3 Ne5 32. Kd2 Nd3 33. Bg7 Nxf2
34. Bh6 Nd3 35. Bg7 c5 36. Bf8 c4 37. b4 Nb2 38. Bg7 Na4 39. Bd4 c3+ 40. Bxc3
Kc4 41. Be5 Kb3 42. Bd6 Kxa3 43. Be7 Kb3 44. Bc5 Kc4 45. Bf8 Nc3 46. Bc5 Nd5
0-1

[Event "Tournoi Skype 029A"]
[Site "Skype"]
[Date "????.??.??"]
[Round "3.1"]
[White "Rapaire, Jean-Michel"]
[Black "Deville, Olivier"]
[Result "1/2-1/2"]
[WhiteElo "1739"]
[BlackElo "1807"]
[PlyCount "35"]

1. e4 c5 2. Nf3 d6 3. Bb5+ Nd7 4. e5 dxe5 5. Nxe5 a6 6. Nxd7 Bxd7 7. Bxd7+ Qxd7
8. O-O Nf6 9. Re1 e6 10. d3 Be7 11. Nc3 O-O 12. b3 Rad8 13. Bb2 Rfe8 14. a4 Nd5
15. Nxd5 exd5 16. Qf3 d4 17. Re4 Bf8 18. Rae1 1/2-1/2

[Event "Tournoi Skype 029A"]
[Site "Skype"]
[Date "????.??.??"]
[Round "3.2"]
[White "Montalvo, Mario"]
[Black "Grosso, Raul"]
[Result "0-1"]
[WhiteElo "1800"]
[BlackElo "1746"]
[PlyCount "58"]

1. d4 g6 2. Nc3 Bg7 3. Bf4 d6 4. e4 Nf6 5. Qd2 Nc6 6. f3 O-O 7. O-O-O Nd7 8.
Bh6 e5 9. Bxg7 Kxg7 10. h4 Nxd4 11. h5 g5 12. Nh3 h6 13. f4 f6 14. Nd5 Nb6 15.
fxg5 fxg5 16. Ne3 Be6 17. c3 Nc6 18. Kb1 Ne7 19. Bd3 Ng8 20. Rdf1 Qe7 21. Nf5+
Bxf5 22. exf5 d5 23. f6+ Rxf6 24. Rxf6 Nxf6 25. Bf5 Nc4 26. Qd3 e4 27. Qd4 Qe5
28. Qxe5 Nxe5 29. Nf2 Rf8 0-1

[Event "Tournoi Skype 029A"]
[Site "Skype"]
[Date "????.??.??"]
[Round "3.3"]
[White "Barrios Chamorro, Jesus Adrian"]
[Black "Caputi, Giuliano"]
[Result "1/2-1/2"]
[WhiteElo "1589"]
[BlackElo "1782"]
[PlyCount "82"]

1. e4 c6 2. d4 d5 3. exd5 cxd5 4. Bd3 Nc6 5. c3 Nf6 6. Bf4 a6 7. Nd2 e6 8. Ngf3
Nh5 9. Be3 Bd6 10. Ne5 Nf6 11. f4 Bd7 12. O-O Qb6 13. Ndf3 Ne4 14. Nxd7 Kxd7
15. Ne5+ Bxe5 16. fxe5 f5 17. exf6 Nxf6 18. Qe2 Rhe8 19. Kh1 Nd8 20. Rae1 Nf7
21. Bf4 Nd6 22. Be5 Nde4 23. Bc2 Qc6 24. Bxe4 Nxe4 25. Rf7+ Re7 26. Rxe7+ Kxe7
27. Bxg7 Rg8 28. Be5 Qe8 29. c4 Qg6 30. cxd5 exd5 31. Kg1 Rc8 32. Rf1 Rc6 33.
Qd3 Ke8 34. Qa3 Qg8 35. Qb4 b5 36. a4 Rc4 37. Qa5 Qg5 38. Bf4 Qg7 39. Be5 Qg5
40. Bf4 Qg7 41. Be5 Qg5 1/2-1/2

[Event "Tournoi Skype 029A"]
[Site "Skype"]
[Date "????.??.??"]
[Round "3.7"]
[White "Septien, Valeriano"]
[Black "Lambert, Pierre"]
[Result "1-0"]
[WhiteElo "1749"]
[BlackElo "1647"]
[PlyCount "91"]

1. e4 c5 2. d3 Nc6 3. g3 g6 4. Bg2 Bg7 5. Nf3 d6 6. O-O Nf6 7. Re1 O-O 8. Nbd2
Rb8 9. Nf1 Qc7 10. Ne3 e6 11. Nc4 b5 12. Nxd6 Qxd6 13. e5 Nxe5 14. Nxe5 Bb7 15.
Bf4 Bxg2 16. Kxg2 Qd5+ 17. Qf3 Rbc8 18. h3 Qxf3+ 19. Nxf3 Nd5 20. Be5 f6 21.
Bd6 Rfe8 22. d4 c4 23. c3 Kf7 24. a4 Rc6 25. Bc5 a6 26. axb5 axb5 27. Ra7+ Rc7
28. Rea1 Rec8 29. Nd2 f5 30. Bd6 Rxa7 31. Rxa7+ Kg8 32. Rb7 Rd8 33. Bc5 e5 34.
dxe5 Bxe5 35. Nf3 Bg7 36. Rxb5 Nf6 37. Ng5 Re8 38. Rb7 Ne4 39. Nxe4 Rxe4 40.
Be3 Be5 41. Rd7 f4 42. gxf4 Bxf4 43. Kf3 Bxe3 44. Kxe4 Bxf2 45. Kf3 Bh4 46. Rd4
1-0

[Event "Tournoi Skype 029A"]
[Site "Skype"]
[Date "????.??.??"]
[Round "3.8"]
[White "Calcino, Luis"]
[Black "Blasco, Raul"]
[Result "0-1"]
[WhiteElo "1687"]
[BlackElo "1978"]
[PlyCount "50"]

1. e4 c6 2. Nc3 d5 3. Nf3 Bg4 4. h3 Bh5 5. g4 dxe4 6. Ne5 Bg6 7. Nxg6 hxg6 8.
Nxe4 e6 9. g5 Ne7 10. d4 Nf5 11. c3 Be7 12. Bf4 Nd7 13. Qc2 Qa5 14. b4 Qb6 15.
O-O-O a5 16. Qa4 Rh4 17. Nf6+ gxf6 18. gxf6 Bxf6 19. Bg3 Nxg3 20. fxg3 Re4 21.
Kc2 Re3 22. g4 Qc7 23. b5 Qg3 24. Qb3 Rc8 25. Bd3 Rxd3 0-1

[Event "Tournoi Skype 029A"]
[Site "Skype"]
[Date "????.??.??"]
[Round "3.10"]
[White "Sanchez Ruiz, Piedad Esmeralda"]
[Black "Teles, Jeferson Lisboa"]
[Result "1/2-1/2"]
[WhiteElo "1706"]
[BlackElo "1599"]
[PlyCount "81"]

1. e4 e6 2. d4 d5 3. exd5 Qxd5 4. Nf3 Nf6 5. Be2 Nc6 6. O-O Be7 7. c4 Qd8 8.
Nc3 a6 9. a3 O-O 10. Re1 b6 11. d5 exd5 12. cxd5 Na7 13. Ne5 Bb7 14. Bf3 Bd6
15. Nc4 b5 16. Na5 Rb8 17. Nxb7 Rxb7 18. Bg5 h6 19. Bh4 g5 20. Bg3 Bxg3 21.
hxg3 Qd6 22. b4 Nc8 23. Qd4 Nb6 24. Be2 Rbb8 25. Rad1 Rbd8 26. Bf3 Nc4 27. Nb1
Nb6 28. Rd3 Nbxd5 29. Bxd5 Nxd5 30. Red1 c6 31. Nc3 Qc7 32. Nxd5 Rxd5 33. Qf6
Rfd8 34. Rxd5 Rxd5 35. Rxd5 cxd5 36. Qxh6 d4 37. Qxg5+ Kf8 38. Qh6+ Kg8 39.
Qg5+ Kf8 40. Qh6+ Kg8 41. Qg5+ 1/2-1/2

[Event "Tournoi Skype 029A"]
[Site "Skype"]
[Date "????.??.??"]
[Round "3.11"]
[White "Navghane, Rahul"]
[Black "Garcia Andrinal, Antonio"]
[Result "1/2-1/2"]
[WhiteElo "1026"]
[BlackElo "1679"]
[PlyCount "87"]

1. b3 e5 2. Bb2 d6 3. e3 Nf6 4. Nf3 Be7 5. d4 exd4 6. exd4 O-O 7. Be2 c6 8.
Nbd2 d5 9. c4 dxc4 10. Nxc4 Bb4+ 11. Ncd2 Ne4 12. O-O Nxd2 13. Nxd2 Nd7 14. a3
Be7 15. Bf3 Nf6 16. Ne4 Nd5 17. Ng3 Re8 18. Qc2 Bf8 19. Be4 g6 20. Bxd5 Qxd5
21. Rfe1 Be6 22. Re5 Qxb3 23. Qxb3 Bxb3 24. Rae1 Rxe5 25. Rxe5 Bg7 26. Re7 Rd8
27. h3 c5 28. Rxb7 c4 29. Rxa7 Bxd4 30. Bxd4 Rxd4 31. Ra8+ Kg7 32. Rc8 Rd1+ 33.
Kh2 Ra1 34. Ne4 Rxa3 35. Nd6 Ra4 36. Ne8+ Kh6 37. Nd6 Ra2 38. f3 Bd1 39. Nxf7+
Kg7 40. Ng5 h6 41. Rc7+ Kg8 42. Rc8+ Kg7 43. Rc7+ Kg8 44. Rc8+ 1/2-1/2